00615 2200217 4500001002100000005001500021035002000036008004100056245006800097100001800165260003700183300002700220084002000247082001000267650003200277250000600309020002200315990002000337990002000357990002000377INLIS00000000000348120241223033058 a0010-1224001013241223 0 ind 1 a5 Giant Steps To Successful Business Writing /cPeni R. Pramono aPramono, Peni aYogyakarta :bAndi Offset,c2007 a168 hlm. ;c14 x 21 cm a650.1 PRA 5 C.1 a650.1 4aSukses Pribadi dalam Bisnis a1 a978-979-29-0008-8 a160811200006198 a160811200006199 a160811200006200